<?xml version="1.0" encoding="UTF-8"?><?xml-stylesheet type="text/xsl" href="static/style.xsl"?><OAI-PMH xmlns="http://www.openarchives.org/OAI/2.0/" xmlns:xsi="http://www.w3.org/2001/XMLSchema-instance" xsi:schemaLocation="http://www.openarchives.org/OAI/2.0/ http://www.openarchives.org/OAI/2.0/OAI-PMH.xsd"><responseDate>2026-06-02T03:53:07Z</responseDate><request verb="GetRecord" identifier="oai:riuma.uma.es:10630/5224" metadataPrefix="marc">https://riuma.uma.es/rest/oai/request</request><GetRecord><record><header><identifier>oai:riuma.uma.es:10630/5224</identifier><datestamp>2026-02-03T12:55:30Z</datestamp><setSpec>com_10630_4717</setSpec><setSpec>com_10630_3139</setSpec><setSpec>com_10630_10</setSpec><setSpec>col_10630_5185</setSpec></header><metadata><record xmlns="http://www.loc.gov/MARC21/slim" xmlns:dcterms="http://purl.org/dc/terms/" xmlns:doc="http://www.lyncode.com/xoai" xmlns:xsi="http://www.w3.org/2001/XMLSchema-instance" xsi:schemaLocation="http://www.loc.gov/MARC21/slim http://www.loc.gov/standards/marcxml/schema/MARC21slim.xsd">
   <leader>00925njm 22002777a 4500</leader>
   <datafield ind2=" " ind1=" " tag="042">
      <subfield code="a">dc</subfield>
   </datafield>
   <datafield ind2=" " ind1=" " tag="720">
      <subfield code="a">García Carballo, Carlos</subfield>
      <subfield code="e">author</subfield>
   </datafield>
   <datafield ind2=" " ind1=" " tag="260">
      <subfield code="c">2012</subfield>
   </datafield>
   <datafield ind2=" " ind1=" " tag="520">
      <subfield code="a">Desde tiempo atrás, la publicidad ha sufrido un deterioro en su credibilidad y ha perdido la&#xd;
confianza de sus públicos, siendo así su efectividad menos notoria. Esta mala imagen ha ido&#xd;
aun peor con el aumento de publicidad en Internet, el abuso de los banners, los mailings y&#xd;
las ventanas emergentes conocidas como spam. Los usuarios rechazan todo tipo de mensaje&#xd;
que tenga un carácter puramente comercial, con las características propias de los mensajes&#xd;
publicitarios. Es por ello, que como se está observando la publicidad no funciona y las&#xd;
organizaciones recurren a las relaciones públicas por se éstas más efectivas y adecuadas&#xd;
para alcanzar los objetivos organizacionales.&#xd;
Starbucks España y Cash Converters España son de las pocas organizaciones que actúan en el&#xd;
mercado español que llevan a cabo este tipo de estrategia comunicativa en las redes&#xd;
sociales, y por lo tanto, han sido elegidas para su análisis. Es objeto de estudio aquellos&#xd;
mensajes comunicativos emitidos por las organizaciones, dirigidos a sus públicos que se&#xd;
encuentran en las redes sociales. Estos mensajes con fines puramente publicitarios reciben&#xd;
un tratamiento que es propio y reconocido como acciones de relaciones públicas. Esta nueva&#xd;
forma comunicativa parece que será el futuro próximo en las comunicaciones y relaciones&#xd;
de las organizaciones con sus públicos en estas plataformas sociales.</subfield>
   </datafield>
   <datafield ind1="8" ind2=" " tag="024">
      <subfield code="a">2174-3681</subfield>
   </datafield>
   <datafield ind1="8" ind2=" " tag="024">
      <subfield code="a">http://hdl.handle.net/10630/5224</subfield>
   </datafield>
   <datafield tag="653" ind2=" " ind1=" ">
      <subfield code="a">Relaciones Públicas</subfield>
   </datafield>
   <datafield tag="653" ind2=" " ind1=" ">
      <subfield code="a">Publicidad</subfield>
   </datafield>
   <datafield tag="653" ind2=" " ind1=" ">
      <subfield code="a">Redes sociales</subfield>
   </datafield>
   <datafield ind2="0" ind1="0" tag="245">
      <subfield code="a">Mensajes con fines publicitarios que tornan en Relaciones Públicas en las redes sociales: el caso de Starbucks España y Cash Converters España</subfield>
   </datafield>
</record>
</metadata></record></GetRecord></OAI-PMH>